University Home | Library Home | Institutional Repository

Journal of Geochemical Exploration (Record no. 9198)

MARC details
000 -LEADER
fixed length control field 00558cas a2200157 4500
008 - FIXED-LENGTH DATA ELEMENTS--GENERAL INFORMATION
fixed length control field 100615n eng u
022 ## - INTERNATIONAL STANDARD SERIAL NUMBER
International Standard Serial Number 03756742
035 ## - SYSTEM CONTROL NUMBER
System control number (Sirsi) a170106
050 ## - LIBRARY OF CONGRESS CALL NUMBER
Classification number TN270.A1J768
245 ## - TITLE STATEMENT
Title Journal of Geochemical Exploration
260 ## - PUBLICATION, DISTRIBUTION, ETC.
Place of publication, distribution, etc. Amsterdam
Name of publisher, distributor, etc. Eldevier Science
Date of publication, distribution, etc. 1973
310 ## - CURRENT PUBLICATION FREQUENCY
Current publication frequency Quarterly
362 ## - DATES OF PUBLICATION AND/OR SEQUENTIAL DESIGNATION
Dates of publication and/or sequential designation Vol. 2, No. 4, 1973 - Vol. 20, No. 3, 1984
520 ## - SUMMARY, ETC.
Summary, etc. It contains articles that covers all aspects of the application of geochemistry to the search for mineral deposits and petroleum
650 ## - SUBJECT ADDED ENTRY--TOPICAL TERM
Topical term or geographic name entry element Geochemistry
Holdings
Withdrawn status Lost status Source of classification or shelving scheme Damaged status Not for loan Home library Current library Shelving location Total Checkouts Full call number Barcode Date last seen Copy number Price effective from Koha item type
    Library of Congress Classification     Main Library Main Library Serials   TN270.A1J68 6742241973 08/12/2019 1 08/12/2019 Periodical
    Library of Congress Classification     Main Library Main Library Serials   TN270.A1J68 67422031984 08/12/2019 2 08/12/2019 Periodical
© 2026 - The University of Zambia Library - Koha v25.11